Minkä yrityksen mainos #1 - Statistics

Yleistilastot
  • Tätä visaa on pelattu 200 kertaa
    115 viimeisimmän päivityksen jälkeen
  • Keskiarvotulos 6 / 10
Vastaustilastot
Mainos Vastaus % Oikein
Äitien tekemää ruokaa Saarioinen
88%
Hyvä ruoka, parempi mieli Atria
83%
Nopeaa ja mukavaa on asiointi R-kioski
76%
Elämä on DNA
72%
Yhtä halpa kuin halvin Prisma
71%
Se nyt vaan on tyhmää maksaa liikaa Gigantti
68%
Aina tulee sanomista Sanoma
50%
Äänestä Suomi takaisin Perussuomalaiset
48%
Vakaa kuin kallio Olli Rehn
22%
Northern Magic. Made Real. Fazer
21%
Ehtoja vastaavia visoja ei löytynyt
Tulosjakauma
Jokaisen tuloksen saaneiden osuus
Persentiili vastausten määrän mukaan
Tuloshistoriasi
Et ole pelannut tätä visaa sen viimeisimmän päivityksen jälkeen